Ring Eindhoven - Statistieken

Algemene statistieken
  • Deze quiz is 6 keer genomen
  • De gemiddelde score is 9 van 18
Antwoordstatistieken
Straatnaam % Correct
Boutenslaan
100%
Botenlaan
75%
Limburglaan
75%
Berenkuil
50%
Beukenlaan
50%
Boschdijk
50%
Insulindelaan
50%
Jeroen Boschlaan
50%
Kadebrug
50%
Keizer Karel V Singel
50%
Kronehoefstraat
50%
Leostraat
50%
Onze Lievevrouwestraat
50%
Piuslaan
50%
Fuutlaantunnel
25%
Hugo van der Goeslaan
25%
Marconilaan
25%
Pastoriestraat
25%
Geen overeenkomende quizzen gevonden
Scoreverdeling
Procent van Mensen met Elke Score
Percentiel versus Aantal Correcte Antwoorden
Uw Scoregeschiedenis
U heeft deze quiz nog niet genomen